000 00968nam a2200205Ii 4500
003 JO-AjNU
008 230605s9999||||xx |||||||||||||| ||und||
017 _a2009/10/4519
040 _aJO-AjNU
_bara
_erda
_cJO-AjNU
041 _aara
050 1 4 _aBF724.3.E5.M883.2010
100 3 _aابو اصبع،صالح ، عصفور،محمد ، عبيد الله،محمد ، ربابعة،يوسف/مراجعة وتحرير,
_eauthor
_933592
245 0 0 _aثقافة الحب والكراهية:مؤتمر فيلادلفيا الدولي الثالث عشر27-29 تشرين الاول(اكتوبر) 2008 ،بحوث محكمة
264 3 1 _aعمان:جامعة فيلادلفيا ، 2010
300 _a492ص
_bبحوث باللغة الانجليزية ص1-ص62
336 _atext
_btxt
_2rdacontent
337 _aunmediated
_bn
_2rdamedia
338 _avolume
_bnc
_2rdacarrier
650 4 _aالبغض-سيكولوجية الشخصية-علم نفس الافراد
_933593
999 _aA13689
_c17257
_d17257